[Event "Olympiad-36"]
[Site "Mallorca"]
[Date "2004.10.20"]
[Round "6"]
[White "Vaganian, Rafael A"]
[Black "Tyomkin, Dimitri"]
[Result "1-0"]
[WhiteElo "2640"]
[BlackElo "2505"]
[Annotator "Tyomkin,D"]
[PlyCount "168"]
[EventDate "2004.10.15"]
[EventType "team-swiss"]
[EventRounds "14"]
[EventCountry "ESP"]
[SourceTitle "CBM 104"]
[Source "ChessBase"]
[SourceDate "2005.01.27"]
[SourceVersion "1"]
[SourceVersionDate "2005.01.27"]
[SourceQuality "1"]
[WhiteTeam "Armenia"]
[BlackTeam "Canada"]
[WhiteTeamCountry "ARM"]
[BlackTeamCountry "CAN"]

1. d4 {Stohl} Nf6 2. c4 g6 3. g3 Bg7 4. Bg2 O-O 5. Nc3 d6 6. Nf3 c6 7. O-O Bf5
{2nd popular move in this position after 7...Qa5. Rafael already played number
of games in this position with white pieces, and chose 8.Nh4 move almost
instantly.} 8. Nh4 {Out of other choices (white has a plenty of responds on 8..
.Bf5), 8.b3 and 8.Ne1 give white some hopes for an opening advantage.} (8. b3
Ne4 9. Bb2 Nxc3 10. Bxc3 Be4 {and black is very close to reach the balance.}) (
8. Ne1 {- the toughest line for black, while there are number of ways to get a
reasonable play.}) 8... Be6 {The most aggresive and logical reply.} 9. d5 {
Other moves are just too soft.} cxd5 {Stohl: 'An interesting idea is to keep
the [+] tension for the time being to discourage the manoeuvre Be3-d4 (this
would enable Black to win a tempo by c6-c5):'} (9... Bd7 $5 {Stohl} 10. Be3 Na6
11. Nf3 (11. dxc6 bxc6 12. Qa4 Qc8 13. Nf3 c5 14. Qd1 Nc7 15. Qc1 Re8 16. Bh6
Bh8 17. Rd1 Bc6 18. Qf4 Qg4 19. Qxg4 Nxg4 20. Bd2 a5 21. h3 Nf6 22. Ne1 Bxg2
23. Kxg2 Nd7 24. Nc2 Nb6 25. Na3 Reb8 26. Rab1 Bxc3 $1 $15 {Luch,M-Miton,K/
POL-chT Dzwirzyno/2004/}) 11... Qa5 12. a3 Rfc8 13. h3 Qd8 (13... cxd5 $142 14.
cxd5 Rxc3 15. bxc3 Nxd5 $44) 14. Nd4 e5 15. dxe6 (15. dxc6 $142 bxc6 16. Nf3 {
[%cal Yb2b4] /\b4+/=}) 15... fxe6 16. Bg5 h6 17. Be3 e5 18. Nf3 Qf8 19. c5 e4
20. Nh4 g5 21. Ng6 Qf7 22. cxd6 Qxg6 23. Qb3+ Nd5 24. Nxd5 cxd5 25. Qxd5+ Qf7
26. Qxb7 Nc5 27. Bxc5 Rab8 28. Qxa7 Ra8 29. Qb7 Rab8 $13 {1/2,Frias Pablaza,
V-Speelman,J/New York/1990/}) 10. cxd5 Bd7 11. Be3 {Definitely the best.} (11.
Nf3 Na6 12. Be3 Nc5 13. Bd4 Qa5 14. Rb1 Na4 15. Nd2 Rfc8 16. b4 Nxc3 17. bxa5
Nxd1 $11 {1/2-1/2 Bauer,C-Degraeve,J/Belfort 2002/CBM 90 (22). (21)}) (11. e4
Na6 12. Be3 Ng4 {'!' Stohl.} 13. Bd4 Bxd4 14. Qxd4 Qb6 {'!?' Stohl.} 15. Qd2
Rac8 16. Nf3 Rc7 $11 {1/2-1/2 Bernasek,J-Jansa,V/Karlovy Vary 2004/CBM 100 (49)
} 17. h3 {Stohl} Ne5 18. Nxe5 dxe5 19. Rad1 Rc4 20. Kh2 Rb4 21. b3 Rd4 22. Qb2
Rc8 $36 {Bernasek,J-Jansa,V/CZE-ch Karlovy Vary/2004/}) (11. h3 {Stohl} Na6 12.
e4 Qb6 13. Rb1 Rfc8 14. Be3 Qb4 15. Re1 Nc5 16. Bd2 Be8 17. Bf1 Nfd7 18. Re3 {
Agdestein,S-Adams,M/Oslo (m1)/1994/} Ne5 $5 19. Nb5 Qa4 $36 {S.Agdestein})
11... Qa5 {Rashkovsky tried to creative an a5-a4 plan, while I doubt this plan
gives black an equality.} (11... a5 12. h3 a4 13. Bd4 Qa5 14. e4 Na6 15. e5
dxe5 16. Bxe5 a3 17. bxa3 Rac8 $132 {1/2-1/2 Rashkovsky,N-Rukavina,J/Oberwart
2003/CBM 95 ext (30)}) ({Interesting is the active} 11... b5 $142 $5 {Stohl}
12. a4 (12. a3 a5 13. Bd4 (13. Nf3 Na6 14. Nd4 Ng4 15. Bg5 h6 16. Bf4 Qb6 17.
Nc6 Bxc6 18. dxc6 Nc7 19. Qc2 Ne5 20. Rac1 Rac8 21. Rfd1 Nxc6 22. Bxc6 Qxc6 23.
Nd5 Nxd5 24. Qxc6 Rxc6 25. Rxc6 Nxf4 26. gxf4 Bxb2 $11 {Nepomnishay,
M-Krishilovsky,A/St Petersburg/1995/}) 13... Na6 14. Re1 Nc5 15. Rc1 a4 16. Rc2
Nb3 17. e3 Rc8 18. Na2 Rxc2 $13 {1/2,Smejkal,J-Romanishin,O/Reggio Emilia/1985/
}) 12... b4 13. Nb5 Qa5 14. Nd4 Rc8 15. Nb3 Qd8 16. Nf3 a5 17. h3 Qe8 18. Qd2
Bxa4 19. Nfd4 Bxb3 20. Nxb3 Qd8 21. Ra2 Nfd7 22. Rfa1 Ne5 23. Nxa5 b3 24. Nxb3
Nc4 25. Qb4 Rxa2 26. Rxa2 Nxe3 27. fxe3 Qc7 28. Kf2 Nd7 $44 {Tukmakov,
V-Romanishin,O/Leningrad/1987/}) ({Also following Jansa's idea from the above
note deserves attention:} 11... Ng4 {Stohl} 12. Bd4 Bxd4 13. Qxd4 Qb6 14. Qxb6
axb6 15. Nf3 f5 $5 16. h3 Nf6 17. Nd4 Na6 18. Rfc1 Rfc8 19. a3 Nc5 20. Na2 Nce4
21. Nb4 Kf7 22. e3 Rxc1+ 23. Rxc1 Rc8 24. Rxc8 Bxc8 25. Bf1 Ke8 26. Kg2 Nc5 27.
f3 Bd7 28. g4 fxg4 29. hxg4 g5 30. Kf2 h5 $11 {Hauchard,A-Tratar,M/Mitropa
Charleville/2000/}) 12. Bd4 Na6 13. a3 $1 {'+/=' Stohl. Stohl: 'Prevents the
activation of the Na6. White with his () has a small edge, his strategy will
be a gradual limitation of his opponent's active possibilities, connected with
expansion in the [+] and on the <<.'} (13. e4 {Ftacnik} Nc5 14. Rb1 Na4 $1 15.
b4 (15. Nxa4 {Ftacnik} Bxa4 16. b4 Qa6 $15) 15... Nxc3 16. bxa5 Nxd1 17. Rxb7
$6 (17. Rfxd1 {Ftacnik} b6 18. axb6 axb6 $10) 17... Ba4 {0-1 Horvath,J-Jansa,V/
Odorheiu Secuiesc 1995/CBM 47/[Ftacnik] (28)}) (13. Re1 {Stohl} Nc7 (13... Nc5
14. e4 Na4 15. Nxa4 Qxa4 16. b3 Qa3 17. f4 Bb5 18. e5 Nd7 19. e6 Bxd4+ 20. Qxd4
Qc5 21. Nf3 $1 fxe6 22. dxe6 Nf6 23. Rac1 Qh5 24. Ng5 $16 {Botvinnik,M-Smyslov,
V/WCh Moscow/1957/}) (13... Rac8 14. e4 Ng4 15. Bxg7 Kxg7 16. Nf3 Qc5 17. Qd2
f6 18. a3 Ne5 {Mirnic,M-Ljubic,I/CRO-chT Makarska/1994/} 19. Rac1 $14) 14. e4
Nb5 15. Nxb5 Bxb5 16. f4 Rfd8 17. Nf3 Rac8 18. a4 Be8 19. Qb3 Rc7 20. h3 Nd7
$132 {1/2,Schwartzman,G-Foisor,O/Wattens/1993/}) 13... Rfc8 14. b4 (14. Nf3 {
Stohl} Be8 15. e4 Nd7 16. b4 Qd8 17. Bxg7 Kxg7 18. Qd4+ Kg8 19. Rfe1 Qb6 20.
Qd2 Ne5 21. Nxe5 dxe5 22. Bh3 Rc4 23. Rac1 Rd8 24. Na4 Qd4 25. Qxd4 Rxd4 26.
Nb2 $16 {Neverov,V-Kernazhitsky,L/Pardubice op/1999/}) 14... Qd8 15. Qd3 $1
$146 {[%csl Gb5,Gc4][%mdl 8] taking control over important squares c4 and b5.
Now Nc7 move doesn't help black since there is no Nb5 move then.} (15. Qd2 Nc7
$1 (15... Qf8 $6 {this plan is just too passive. The idea of Qf8 move is to
play Ng4 next and to recapture on g7 with the queen, while it allows white to
get his passive Nh4 to d4.} 16. Rfc1 (16. Rac1 Ng4 17. Nf3 {1/2-1/2 Acosta,
T-Soppe,G/Villa Maria 2003/CBM 94 ext (17)}) 16... Ng4 17. Nf3 Nc7 18. Bxg7
Qxg7 19. Nd4 $14 {1-0 Dautov,R-Foisor,C/Nimes 1991/EXT 97 (84)}) (15... Rc4 $5
16. e3 Rac8 17. Rfc1 $13) 16. Rfc1 Nb5 17. Nxb5 Bxb5 18. Rxc8 Rxc8 19. a4 Bd7
20. a5 a6 21. Rc1 Rxc1+ 22. Qxc1 Qc8 23. Qxc8+ Bxc8 24. f4 {1/2-1/2 Kachiani
Gersinska,K-Foisor,C/Yerevan 1996/EXT 97 (24)}) 15... Ng4 {In general, trades
are good for the side with less space.} 16. Bxg7 Kxg7 17. Nf3 $14 {/+/- Right
time to move this knight back into play.} Qb6 {'?' Stohl. Stohl: 'This sortie
only loses time.'} (17... Qc7 $142 {Stohl} 18. Rac1 Qc4 19. Qb1 Nc7 20. Qb2 Kg8
21. h3 Nf6 22. Nd2 Qa6 23. e4 Nb5 24. Ncb1 Qb6 25. a4 Nc7 26. b5 Nce8 27. Nc4
Qd8 28. Nbd2 a6 $1 29. bxa6 bxa6 30. Nb6 Rxc1 31. Rxc1 Rb8 32. a5 Bb5 $14 {
Lagowski,P-Toczek,G/POL-chT Dzwirzyno/2004/}) 18. h3 Nf6 {18...Ne5 trades more
pieces, but creates new targets in black's position, and weakens the pawn
structure.} (18... Ne5 19. Nxe5 dxe5 20. Rac1 $16 {[%cal Gc3e4] '|^' Stohl.
Stohl: 'פa6' with semilar scenario.}) 19. Nd2 $1 {[%cal Gd2c4,Gd2b3] It's
even stronger than 19.Nd4. Stohl: 'The c4-square is protected and the N heads
for a5.'} Qd8 {Stohl: 'Otherwise Black can't unravel his pieces.'} (19... Nc7
20. Nc4 Qa6 21. a4 {'+/-' Stohl. Stohl: 'ף' and black can hardly breathe.})
20. Nb3 Rc7 21. Rac1 Rac8 22. e4 e6 {Oxygen needed!} (22... Nb8 {Stohl} 23. f4
$36 {()}) (22... e5 {Stohl} 23. f4 $14) 23. Na5 {'!?' Stohl.} (23. dxe6 {Stohl}
Bxe6 24. Nd2 $14) 23... exd5 24. exd5 Nb8 {black needs to take control over c6
to play b6 later on.} (24... Bf5 25. Qd4 $16 {[%cal Gd4a7,Gd4g7]}) 25. Rfe1 h5
26. Qd2 Be8 {clearing d7 spot for black knights.} (26... Bf5 {Stohl} 27. Nb5
Rxc1 28. Rxc1 Rxc1+ 29. Qxc1 Qb6 30. Qc7 $1 Qxb5 31. Qxb8 $16) 27. Ne2 $1 $16 {
[%cal Ge2d4] White regroups.} b6 (27... Nbd7 {Stohl} 28. Nd4 Nb6 $16) 28. Nb3
Rxc1 29. Rxc1 Rxc1+ 30. Qxc1 a5 {looking for simplifications.} 31. Nbd4 (31.
bxa5 bxa5 32. Qc3 a4 33. Nbd4 $16) 31... axb4 32. axb4 Na6 33. Nc6 $1 Bxc6 {
probably I could wait with this trade for a while, but it doesn't change much
the evaluation. Stohl: 'Sooner or later forced.'} (33... Qc8 34. Qe3 Nc7 35.
Nc3 $16) (33... Qc7 {Stohl} 34. Qc4 Qc8 (34... Nb8 35. Ned4 $18) 35. Qd4 $16)
34. dxc6 d5 (34... Nxb4 $2 {Stohl} 35. c7 Qc8 36. Bb7 $18) 35. Nd4 Nc7 (35...
Nxb4 {Stohl} 36. c7 Qc8 37. Nb5 Na6 38. Qc3 $1 {[%cal Rb5d6] /\Nd6+-}) 36. Qg5
Kh7 37. f4 {[%cal Gf4f5] '!' Stohl. looking for the 2nd weakness! The 1st one
is c6-passer of white. Stohl: 'Vaganian turns his sights to the >> to create
further weaknesses.'} Qd6 38. f5 (38. Qe5 Nfe8 {and black holds.}) 38... Ne4
39. fxg6+ fxg6 40. Qf4 Qxf4 41. gxf4 Nd6 {Black has managed to survive till
this ending, ufortunately white still has a large advantage, white bishop is
very strong, and black pawns are targets.} 42. h4 {'+/-' Stohl. Stohl: '><d5,
g6,h5' Stohl: 'Black's P are exposed and vulnerable, moreover he must guard
the o^c6. Vaganian converts his _|_ advantage with further patient technical
manoeuvring.'} Kg7 43. Kf2 Kf6 44. Bh3 {I had less than 5 minutes on my clock
against more than half an hour of Rafael, while the time control here was a
sudden death with 30 seconds increment. An hour of pain and torture....} Ne4+
45. Ke3 Nd6 46. Kd3 Ne4 47. Bd7 Nd6 48. Bh3 {No reason to hurry up in such
situation- black may just blunder something.} Ne4 49. Ke3 Nd6 50. Bf1 Ke7 $6 {
missing two better tries, althou both don't save the game yet.} (50... b5 {
[%cal Gd6c4]} 51. Bd3 Nc4+ {with good chances for a draw.}) (50... Nc4+ 51. Kd3
(51. Bxc4 dxc4 52. Ke4 b5 {and draw is more likely outcome here.}) 51... Nd6 $1
{and white doesn't have Bd3 move like in the game.}) 51. Bd3 {Now white pieces
coordinate perfectly. g6 pawn is a target. Concequences of the smart f4-f5
break in a middlegame!} Kf6 52. Nf3 $1 {Ne5 is coming attacking g6 weakness.}
Nf7 (52... Nf5+ 53. Bxf5 Kxf5 54. Ne5 $16 {[%cal Ge5d7]}) 53. Bb1 Na6 54. Ne5
$1 {transposing the game to a winning B vs N ending.} Nxe5 55. fxe5+ Kxe5 56.
Bxg6 {Bishop dominate over knight in such position when the game is open and
the action is on both wings.} d4+ (56... Kd6 57. Bxh5 Nxb4 58. Be8 $18) 57. Kf3
Kd6 (57... b5 58. Bxh5 Kd6 59. Be8 Nxb4 60. h5 Nd5 61. h6 Nf6 62. Bd7 b4 63.
Kf4 Nh7 64. Bf5 Nf8 65. Kg5 $18) 58. b5 Nc7 59. Bd3 {Again, no rash! Rafael
was proud of this move, while 59.Bxh5 also leads to a win.} (59. Bxh5 Nxb5 60.
Bg6 Nc7 61. h5 Ne6 62. Be4 b5 63. h6 b4 64. Bd5 $1 $18) 59... Ke5 60. Bc4 Kf5
61. Bf7 Nxb5 62. Bxh5 $18 {Only two pawns of each side left, while black can't
build the fortress- white passers are just too far from each other....} Nc7 63.
Bg4+ Ke5 64. h5 $18 Kf6 65. Ke4 Kg5 66. Kxd4 Nb5+ 67. Ke5 Na7 {All black need
for a draw is to give up his knight for c-pawn of white, also white king can't
get close to Na7.... but zugzwang helps white to win here.} 68. c7 Nc6+ 69. Ke6
Na7 70. Kf7 Kh6 (70... Nb5 71. c8=Q Nd6+ 72. Kg7 Nxc8 73. h6 $18) 71. Kf6 {
First zugzwang! Black should unblock h5 pawn, or advance his b-pawn.} Kh7 (
71... b5 72. Ke5 $18 {[%cal Gd4c5,Gc5b6,Ge5d4]}) 72. Kg5 Kg7 73. Bf5 Kh8 74.
Kg6 Kg8 75. Be6+ Kh8 76. Bg4 Kg8 77. Bd7 Kh8 78. Be6 {Zugzwang again! now
black king can't move, so the only move is to advance pawn "b", but it
destroys the queenside fortress....} b5 79. h6 b4 80. Bf5 b3 81. Kg5 b2 82. Kf4
Kg8 83. Ke3 Kf7 84. Kd2 b1=N+ {just to have some fun after 5 hours torture :-)}
1-0

[Event "EU-Cup 21st"]
[Site "Saint Vincent"]
[Date "2005.09.20"]
[Round "3.6"]
[White "Vaganian, Rafael A"]
[Black "Nurkic, Sahbaz"]
[Result "1-0"]
[WhiteElo "2614"]
[BlackElo "2409"]
[Annotator "Stohl,I"]
[PlyCount "71"]
[EventDate "2005.09.18"]
[EventType "team-swiss"]
[EventRounds "7"]
[EventCountry "ITA"]
[SourceTitle "CBM 110"]
[Source "ChessBase"]
[SourceDate "2006.01.31"]
[SourceVersion "1"]
[SourceVersionDate "2006.01.31"]
[SourceQuality "1"]
[WhiteTeam "Cheliabinsk"]
[BlackTeam "Sarajevo Zeljeznicar"]
[WhiteTeamCountry "RUS"]
[BlackTeamCountry "BIH"]

1. d4 g6 2. c4 Bg7 3. Nf3 Nf6 4. g3 O-O 5. Bg2 d6 6. O-O Nc6 7. Nc3 e5 8. d5
Ne7 9. e4 Ne8 10. Ne1 f5 11. Nd3 Nf6 12. Bg5 h6 {Attacking the B is the most
natural move, although it has also a drawback - Black weakens his >>.} (12...
fxe4 13. Nxe4 Nf5 14. g4 $5 Ne7 15. Bxf6 Bxf6 16. f4 exf4 17. Nxf6+ Rxf6 18.
Nxf4 Qf8 19. Qd4 Qg7 20. Rf2 Rf7 21. Qxg7+ Rxg7 22. h3 Bd7 23. Ne6 Bxe6 24.
dxe6 Nc6 25. c5 $1 Rd8 26. cxd6 cxd6 27. Rd1 Rc7 28. g5 Kg7 29. a3 $14 {
Akopian,V-Kotsur,P/WChT Lucerne/1997/}) 13. Bxf6 {White doesn't want to lose
time and is willing even to exchange the important dark-squared B.} (13. Bd2 c6
$13) 13... Bxf6 (13... Rxf6 $5 14. f4 exf4 15. Nxf4 c6 $5 (15... Kh7 16. Qd3
Rf8 17. Rae1 Be5 18. exf5 Nxf5 19. Kh1 Qf6 20. c5 Qg7 21. cxd6 cxd6 22. Ne6
Bxe6 23. dxe6 Rac8 24. Nd5 $36 {Kasparov,G-Ivanchuk,V/Riga/1995/}) 16. Kh1 Rf7
17. Qd2 Be5 18. Nd3 Bg7 19. Nf4 Be5 20. Nd3 Bg7 {1/2, Huzman,A-Nijboer,F/
Amsterdam/1994/}) 14. f4 exf4 15. Nxf4 g5 $146 {[%csl Rg8] Nurkic's idea is
risky, as it further weakens the already vulnerable >>.} (15... Be5 $5 16. exf5
(16. Qd2 g5 $5 17. Ne6 Bxe6 18. dxe6 f4 19. Nd5 Ng6 20. gxf4 gxf4 21. Bh3 c6
22. e7 Nxe7 23. Nxf4 Qb6+ 24. Kh1 Qxb2 25. Qxb2 Bxb2 26. Rab1 Be5 27. Rxb7 Rxf4
28. Rxf4 Bxf4 29. Rxe7 a5 30. Be6+ Kh8 31. Rb7 Re8 32. Bf5 Re5 {1/2, Ruck,
R-Solleveld,M/Zurich/2005/}) 16... Bxf5 17. Qd2 (17. Kh1 c6 18. Qb3 Qb6 19.
Rae1 Qxb3 20. axb3 g5 21. Ne6 Bxe6 22. dxe6 Rxf1+ 23. Bxf1 Rf8 24. Ne4 c5 25.
Bh3 Nc6 26. Bg4 Re8 27. Rf1 Rf8 28. Re1 Re8 29. Rf1 $11 {1/2, Johannessen,
L-Gullaksen,E/NOR-chT Langesund/1999/}) 17... Qd7 (17... c6 18. Kh1 Qb6 19.
Rae1 Rf7 20. Ne6 Bxe6 21. dxe6 Rxf1+ 22. Rxf1 Nf5 23. Bh3 Qe3 24. Qxe3 Nxe3 25.
Rf7 g5 $1 $14 {/<=>, Karpov,A-Gelfand,B/Dos Hermanas/1994/}) 18. Nb5 c5 19.
dxc6 bxc6 20. Nd4 g5 21. Nxf5 Rxf5 22. Nd5 Raf8 23. Ne3 (23. Nxe7+ Qxe7 24.
Rxf5 Rxf5 25. Bxc6 Qf6 26. Rd1 Bxb2 27. Qe3 $14) 23... Rxf1+ 24. Rxf1 Rxf1+ 25.
Bxf1 Qe6 26. b4 Kg7 27. Nc2 Qf5 28. Bd3 Qf3 29. Qe2 Qxe2 30. Bxe2 Nf5 31. Bg4
Nd4 $11 {Schandorff,L-Solleveld,M/Copenhagen/2003/}) 16. Ne6 (16. Nd3 c6 $5 17.
Qh5 Bg7 $132) 16... Bxe6 17. dxe6 c6 18. Kh1 Bg7 19. Qd3 (19. exf5 Nxf5 20. Qd3
Nd4 21. Rxf8+ (21. Qg6 Rf6 22. Rxf6 Qxf6 $11) 21... Qxf8 22. Rf1 Qe8 (22... Qe7
23. Rf7 Qxe6 24. Rxg7+ Kxg7 25. Qxd4+ $16) 23. Bh3 Qh5 24. Ne4 $5 (24. Bf5 Nxf5
25. Rxf5 Re8 $11) 24... Qxh3 25. Nf6+ Kf8 (25... Bxf6 $2 26. Rxf6 $18) 26. Nh5+
Kg8 27. Nxg7 Rf8 $1 {/\} 28. Rxf8+ Kxf8 29. Qxd4 Qf1+ 30. Qg1 Qf3+ $11) 19...
f4 20. gxf4 gxf4 21. Rad1 Ng6 $5 (21... Be5 22. c5 $5 (22. Qh3 $16) 22... dxc5
23. Qh3 $40) 22. Qh3 ({A later round saw White play the more direct and logical
} 22. Qxd6 $5 $146 Qh4 (22... Qxd6 23. Rxd6 Ne5 $5 $14) 23. e7 $1 Nxe7 24. Ne2
Qf6 25. Qxf6 Bxf6 26. Nxf4 Bxb2 27. Rd7 Be5 28. Nd3 Ng6 29. Rg1 Bf6 30. Bh3 (
30. e5 $1 $18) 30... Bg5 31. Bf5 Nh4 (31... Rad8 $142 $1) 32. Be6+ Kh8 33. Ne5
Rae8 34. Nf7+ Rxf7 35. Bxf7 Rxe4 36. Bh5 Rxc4 37. Re1 Rc1 38. Bd1 {1-0,
Schandorff,L-Nurkic,S/EU-Cup Saint Vincent/2005/}) 22... Qe7 23. Rg1 Ne5 24.
Ne2 $1 {[%mdl 640] White has to get his >> going fast, so he brings over the N,
even sacrificing a piece in the process.} f3 $2 {Black falls in too readily
with White's plans.} (24... Nxc4 $142 25. Rdf1 $5 $13 (25. Nd4 Nxb2 26. Nf5 (
26. Rd2 Nc4 $17) 26... Rxf5 27. exf5 Nxd1 28. Rxd1 d5 $17)) 25. Nd4 fxg2+ (
25... f2 26. Rgf1 $36 {/\} Nxc4 27. Nf5 Qxe6 28. b3 $18) 26. Rxg2 Kh8 27. Nf5
Rxf5 28. exf5 Kh7 29. Rdg1 Rg8 $2 {This lands the B into a long-term pin and
Black's position will be paralysed.} (29... Bf6 $142 $1 {was necessary, White
has pressure, but the outcome of the game is still open.} 30. Qh5 Qe8 31. Qe2
$36) 30. Rg3 Qf6 31. Qg2 (31. Qf1 $1 {wins faster, but White doesn't have to
hurry.}) 31... Kh8 32. b3 a6 33. a4 a5 34. Qd2 (34. Qf2 $1 Kh7 (34... h5 35.
Rg5 $18) 35. e7 $1 Qxe7 36. f6 $18) 34... Qxf5 {Eases White's task.} (34... b6
35. Qf2 {[%cal Re6e7] /\e7+-}) 35. e7 Qe6 (35... Qe4+ 36. Qg2 Nd3 37. Rxd3 Qxe7
(37... Qxd3 38. e8=Q $18) 38. Qg6 $18) 36. Rxg7 $1 (36. Rxg7 Rxg7 37. e8=Q+
Qxe8 38. Qxh6+ Rh7 39. Qf6+ $18) 1-0

[Event "ARM-chT clubs"]
[Site "Yerevan"]
[Date "2006.01.??"]
[Round "?"]
[White "Vaganian, Rafael A"]
[Black "Babujian, Levon"]
[Result "1-0"]
[WhiteElo "2597"]
[BlackElo "2441"]
[PlyCount "55"]
[EventDate "2006.01.??"]
[EventType "team"]
[EventRounds "4"]
[EventCountry "ARM"]
[SourceTitle "CBM 110 Extra"]
[Source "ChessBase"]
[SourceDate "2006.03.10"]
[SourceVersion "2"]
[SourceVersionDate "2006.03.10"]
[SourceQuality "1"]

1. d4 Nf6 2. c4 e6 3. Nf3 c5 4. g3 cxd4 5. Nxd4 Be7 6. Bg2 O-O 7. O-O d5 8.
cxd5 Nxd5 9. Qb3 Na6 10. Rd1 Nc5 11. Qf3 Bd7 12. Nc3 Nxc3 13. Qxc3 Rc8 14. Be3
Qe8 15. Qa5 e5 16. Nb3 Ba4 17. Bd5 Kh8 18. Rac1 f5 19. Bxc5 b6 20. Bxb6 axb6
21. Qxb6 f4 22. Qe6 Bd7 23. Rxc8 Bxc8 24. Qxe5 fxg3 25. hxg3 Rf5 26. Qe3 Qd7
27. Rd3 Bg5 28. f4 1-0

[Event "EU-Cup 22nd"]
[Site "Fuegen"]
[Date "2006.10.08"]
[Round "1.2"]
[White "Vaganian, Rafael A"]
[Black "Wittmann, Walter"]
[Result "1-0"]
[WhiteElo "2587"]
[BlackElo "2333"]
[PlyCount "77"]
[EventDate "2006.10.08"]
[EventType "team-swiss"]
[EventRounds "7"]
[EventCountry "AUT"]
[SourceTitle "EXT 2020"]
[Source "ChessBase"]
[SourceDate "2019.10.17"]
[SourceVersion "1"]
[SourceVersionDate "2019.10.17"]
[SourceQuality "1"]
[WhiteTeam "Yerevan"]
[BlackTeam "Graz"]
[WhiteTeamCountry "ARM"]
[BlackTeamCountry "AUT"]

1. d4 Nf6 2. Nf3 g6 3. Bg5 Bg7 4. c3 d6 5. Nbd2 h6 6. Bh4 Nbd7 7. e3 O-O 8. h3
Qe8 9. Be2 e5 10. O-O Nh7 11. e4 Bf6 12. Bg3 Qe7 13. Qc2 Re8 14. Rfe1 Ng5 15.
Rad1 Nb6 16. b3 Bd7 17. dxe5 Nxf3+ 18. Nxf3 dxe5 19. c4 Rad8 20. c5 Na8 21. b4
a6 22. a4 b5 23. axb5 Bxb5 24. Rxd8 Rxd8 25. Bxb5 axb5 26. Rd1 c6 27. Rxd8+
Qxd8 28. Nxe5 Bxe5 29. Bxe5 Nc7 30. Qc1 g5 31. Bb2 Ne8 32. Qc3 Qd1+ 33. Kh2 f6
34. e5 Qe2 35. exf6 Qxf2 36. Qb3+ Kf8 37. Qe6 Qf4+ 38. Kg1 Qc7 39. f7 1-0

[Event "Venacu op"]
[Site "Venacu"]
[Date "2006.11.02"]
[Round "3"]
[White "Vaganian, Rafael A"]
[Black "Sokolov, Ivan"]
[Result "1-0"]
[WhiteElo "2598"]
[BlackElo "2652"]
[PlyCount "84"]
[EventDate "2006.11.02"]
[EventType "swiss (rapid)"]
[EventRounds "8"]
[EventCountry "FRA"]
[SourceTitle "EXT 2007"]
[Source "ChessBase"]
[SourceDate "2006.11.23"]
[SourceVersion "1"]
[SourceVersionDate "2006.11.23"]
[SourceQuality "1"]

1. d4 Nf6 2. c4 c6 3. Nf3 d5 4. Qb3 e6 5. Nbd2 Be7 6. g3 a5 7. Qc2 b5 8. c5 b4
9. e4 Ba6 10. e5 Nfd7 11. Bd3 Bxd3 12. Qxd3 a4 13. O-O Qc8 14. Re1 Qa6 15. Qe3
Qb5 16. h4 Na6 17. Nf1 Nc7 18. Bd2 h6 19. a3 b3 20. Bc3 O-O-O 21. Qd2 Rdg8 22.
N1h2 f5 23. exf6 gxf6 24. Ba5 e5 25. Bxc7 Kxc7 26. dxe5 Bxc5 27. Kg2 f5 28.
Rac1 Nb6 29. Nd4 Bxd4 30. Qxd4 Nc4 31. e6 Qb6 32. Qf6 Kb7 33. e7 Re8 34. Re6
Rh7 35. Nf3 Qc7 36. Rce1 f4 37. g4 Qd7 38. Nd4 Ne3+ 39. fxe3 Rhxe7 40. exf4 Rf7
41. Qg6 h5 42. Ra1 Ra8 1-0

[Event "Venacu op"]
[Site "Venacu"]
[Date "2006.11.02"]
[Round "5"]
[White "Vaganian, Rafael A"]
[Black "Sasikiran, Krishnan"]
[Result "1-0"]
[WhiteElo "2598"]
[BlackElo "2675"]
[PlyCount "71"]
[EventDate "2006.11.02"]
[EventType "swiss (rapid)"]
[EventRounds "8"]
[EventCountry "FRA"]
[SourceTitle "EXT 2007"]
[Source "ChessBase"]
[SourceDate "2006.11.23"]
[SourceVersion "1"]
[SourceVersionDate "2006.11.23"]
[SourceQuality "1"]

1. d4 Nf6 2. c4 g6 3. g3 Bg7 4. Bg2 O-O 5. Nc3 c6 6. e4 d6 7. Nge2 Nbd7 8. O-O
a6 9. h3 Rb8 10. b4 b5 11. c5 a5 12. a3 Qc7 13. Bf4 Nh5 14. Bg5 Re8 15. g4 Nhf6
16. f4 Nf8 17. e5 N6d7 18. Bxe7 Rxe7 19. cxd6 Qd8 20. dxe7 Qxe7 21. d5 axb4 22.
d6 Qd8 23. axb4 g5 24. Nd4 Bb7 25. Nf5 gxf4 26. Nxg7 Kxg7 27. Rxf4 Ng6 28. Rf5
Qb6+ 29. Kh1 Ndxe5 30. Ne4 Bc8 31. Nc5 Bxf5 32. gxf5 Nf8 33. f6+ Kh8 34. Qh5
Nfd7 35. Nxd7 Nxd7 36. Qxf7 1-0